000 01015nam0a22002291 4500
001 rc\2756393
005 20110915171134.8
035 _a(NLR Aleph) 006883112
090 _a7068091
_c7068091
100 _a20110915d1940 |||y0rusy50 ca
101 0 _arus
102 _aRU
105 _ay z |||||
200 1 _aПервая помощь при медикаментозных отравлениях
_fСост. начальником кафедры фармакологии и формации военврачом 1 ранга проф. А. И. Кузнецовым
_gВоен.-мед. академия Красной Армии им. С. М. Кирова
210 _aЛенинград
_cВоен.-мед. академия Красной Армии им. С. М. Кирова
_d1940
215 _a110 с.
_d13 см.
700 1 _aКузнецов
_bА. И.
_f1897-
_gАнатолий Иванович
801 0 _aRU
_bNLR
_gpsbo
801 1 _aRU
_bELAR
_2rusmarc
852 _aNLR
_j40-1/182
942 _cBOOK
980 _aNB